Loading...
Dutch hegemony in Malabar/
| Main Author: | |
|---|---|
| Format: | Printed Book |
| Published: |
Trivandrum:
University of Kerala,
1978.
|
| Subjects: |
| LEADER | 00500nam a22001451a 4500 | ||
|---|---|---|---|
| 082 | |a 954.83 |b POO/D | ||
| 100 | |a Poonen T I |9 177039 | ||
| 245 | |a Dutch hegemony in Malabar/ |c by Poonen T I | ||
| 260 | |a Trivandrum: |b University of Kerala, |c 1978. | ||
| 300 | |a 238p. | ||
| 650 | |a History Kerala |9 177040 | ||
| 650 | |a History |9 177041 | ||
| 942 | |c BK | ||
| 999 | |c 11528 |d 11528 | ||
| 952 | |0 0 |1 0 |4 0 |6 R_954_830000000000000_POO_D |7 0 |9 16761 |a SSUS |b SSUS |d 2015-01-08 |g 0.00 |o R 954.83 POO/D |p 037955 |r 2015-01-08 |v 0.00 |w 2015-01-08 |y REF | ||